000 00462nam a2200181Ia 4500
001 24984
005 20260414151119.0
008 260414t2007||||xx |||||||||||||| ||spa||
041 _aESP
082 _a346.09
_bD283
100 _aDuguit, León
_eAUT
245 0 _aLas transformaciones generales del derecho privado desde el código de Napoleón
_b
260 _c2007
300 _a
_c21 cm.
650 _aDER
654 _aCDE
942 _cLIB
_dJUS
_fJUS
_2ddc
_n
999 _c24984
_d24984